Bangladesh : Recent Economic Developments.

This report describes economic developments in Bangladesh during the 1990s. Macroeconomic performance deteriorated beginning in 1994/95. Although production was underpinned by revived private sector activity, particularly in manufacturing, construction and trade, the impact on GDP growth was mitigat...

תיאור מלא

מידע ביבליוגרפי
מחבר תאגידי: International Monetary Fund
פורמט: כתב-עת
שפה:English
יצא לאור: Washington, D.C. : International Monetary Fund, 1997.
סדרה:IMF Staff Country Reports; Country Report ; No. 1997/084
גישה מקוונת:Full text available on IMF
LEADER 01655cas a2200241 a 4500
001 AALejournalIMF000484
008 230101c9999 xx r poo 0 0eng d
020 |c 5.00 USD 
020 |z 9781451804041 
022 |a 1934-7685 
040 |a BD-DhAAL  |c BD-DhAAL 
110 2 |a International Monetary Fund. 
245 1 0 |a Bangladesh :   |b Recent Economic Developments. 
264 1 |a Washington, D.C. :  |b International Monetary Fund,  |c 1997. 
300 |a 1 online resource (40 pages) 
490 1 |a IMF Staff Country Reports 
500 |a <strong>Off-Campus Access:</strong> No User ID or Password Required 
500 |a <strong>On-Campus Access:</strong> No User ID or Password Required 
506 |a Electronic access restricted to authorized BRAC University faculty, staff and students 
520 3 |a This report describes economic developments in Bangladesh during the 1990s. Macroeconomic performance deteriorated beginning in 1994/95. Although production was underpinned by revived private sector activity, particularly in manufacturing, construction and trade, the impact on GDP growth was mitigated by a prolonged drought, which severely depressed agricultural production. The shortfall in food supplies resulted in sharp increases in imports of food grains and in the domestic prices of food. As domestic demand remained strong, inflation picked up and the external current account deficit more than doubled in 1994/95. 
538 |a Mode of access: Internet 
830 0 |a IMF Staff Country Reports; Country Report ;  |v No. 1997/084 
856 4 0 |z Full text available on IMF  |u http://elibrary.imf.org/view/journals/002/1997/084/002.1997.issue-084-en.xml  |z IMF e-Library